| 000 | 00000nam 2200000zi 4500 |
| 001 | 9.954294 |
| 003 | CaOODSP |
| 005 | 20250902150036 |
| 006 | m o d f |
| 007 | cr mn||||||||| |
| 008 | 250820e20250820oncd obs f000 0 eng d |
| 040 | |aCaOODSP|beng|erda|cCaOODSP |
| 043 | |an-cn--- |
| 086 | 1 |aCS82-003/2025-8-1E-PDF |
| 100 | 1 |aQuick, Matthew, |eauthor. |
| 245 | 10|aEstimating municipal life expectancy and health-adjusted life expectancy in Canada, 2019 and 2020 / |cby Matthew Quick, Monica Duong, and Tracey Bushnik. |
| 264 | 1|a[Ottawa] : |bStatistics Canada = Statistique Canada, |cAugust 20, 2025. |
| 264 | 4|c©2025 |
| 300 | |a1 online resource (15 pages) : |bgraphs. |
| 336 | |atext|btxt|2rdacontent |
| 337 | |acomputer|bc|2rdamedia |
| 338 | |aonline resource|bcr|2rdacarrier |
| 490 | 1 |aHealth reports, |x1209-1367 ; |vv. 36, no. 8, [1] |
| 500 | |aIssued also in French under title: Estimation de l’espérance de vie et de l’espérance de vie ajustée sur la santé au Canada à l’échelle municipale, 2019 et 2020. |
| 500 | |a"Catalogue no. 82-003-X." |
| 500 | |a"Research article." |
| 500 | |aPublication replaced on September 2, 2025 as requested by the publisher. |
| 504 | |aIncludes bibliographical references (pages 14-15). |
| 650 | 0|aLife expectancy|zCanada|vStatistics. |
| 655 | 7|aStatistics|2lcgft |
| 710 | 2 |aStatistics Canada, |eissuing body. |
| 775 | 08|tEstimation de l’espérance de vie et de l’espérance de vie ajustée sur la santé au Canada à l’échelle municipale, 2019 et 2020 / |w(CaOODSP)9.954297 |
| 830 | #0|aHealth reports (Series)|vv. 36, no. 8, [1].|w(CaOODSP)9.950253 |
| 856 | 40|qPDF|s977 KB|uhttps://publications.gc.ca/collections/collection_2025/statcan/82-003-x/CS82-003-2025-8-1-eng.pdf |
| 856 | 4 |qHTML|sN/A|uhttps://www.doi.org/10.25318/82-003-x202500800001-eng |